SAINTS AND FIREWORKS: (Record no. 9624)

MARC details
000 -LEADER
fixed length control field 00405nam a22001577a 4500
003 - CONTROL NUMBER IDENTIFIER
control field OSt
005 - DATE AND TIME OF LATEST TRANSACTION
control field 20260506081124.0
008 - FIXED-LENGTH DATA ELEMENTS--GENERAL INFORMATION
fixed length control field 260506b |||||||| |||| 00| 0 eng d
020 ## - INTERNATIONAL STANDARD BOOK NUMBER
International Standard Book Number 04595
040 ## - CATALOGING SOURCE
Transcribing agency IRDP
082 ## - DEWEY DECIMAL CLASSIFICATION NUMBER
Classification number 320 BOI
100 ## - MAIN ENTRY--PERSONAL NAME
Personal name BOISSEVAIN, J.
245 ## - TITLE STATEMENT
Title SAINTS AND FIREWORKS:
Remainder of title RELIGION AND POLITICS IN RURAL MALTA
260 ## - PUBLICATION, DISTRIBUTION, ETC. (IMPRINT)
Place of publication, distribution, etc. NEW YORK;
Name of publisher, distributor, etc. THE ATHLONE PRESS,
Date of publication, distribution, etc. 1965.
942 ## - ADDED ENTRY ELEMENTS (KOHA)
Source of classification or shelving scheme Dewey Decimal Classification
Koha item type BOOKS
Holdings
Withdrawn status Lost status Source of classification or shelving scheme Damaged status Not for loan Home library Current library Shelving location Date acquired Total Checkouts Full call number Barcode Date last seen Price effective from Koha item type
    Dewey Decimal Classification     Dodoma Dodoma Ground Floor 06/05/2026   320 BOI LIB003809 06/05/2026 06/05/2026 BOOKS

IRDP © 2021 :: Managed by ICT Team